|
|
|
|
| LEADER |
00000cam a2200000 a 4500 |
| 001 |
vtls001475848 |
| 003 |
SK-MaSNL |
| 005 |
20260301203800.0 |
| 008 |
240318s1959 xo 0000f slo |
| 015 |
|
|
|a SNBA1959/05-00898
|
| 035 |
|
|
|a SNK000431149
|
| 040 |
|
|
|a SNK
|b slo
|c SNK
|e AACR2
|
| 041 |
|
0 |
|a slo
|
| 044 |
|
|
|a xo
|c SK
|
| 080 |
|
|
|a 821.162.2-31
|2 2001
|
| 080 |
|
|
|a 929
|2 2001
|
| 080 |
|
|
|a (0:82-311.3)
|2 2001
|
| 080 |
|
|
|a (0:82-312.6)
|2 2001
|
| 100 |
1 |
|
|a Olšinský, Rudo
|4 aut
|9 493005
|
| 245 |
1 |
0 |
|a Bratislavský Robinson
|c Rudo Olšinský ; [ilustrácie Ľudovít Leheň]
|
| 260 |
|
|
|a Bratislava
|b Práca
|c 1959
|e Bratislava
|f Polygrafické závody
|
| 300 |
|
|
|a 215 s.
|c 20 cm
|
| 366 |
|
|
|e 10250 výtl.
|
| 490 |
1 |
|
|a Knižnica Večerníka
|v zv. 5
|
| 500 |
|
|
|a Brožovaná
|
| 600 |
1 |
|
|a Jetting, Karol,
|d 1730-1790
|2 SNK
|9 577726
|
| 655 |
|
7 |
|a slovenské romány
|2 SNK
|9 70324
|
| 655 |
|
7 |
|a dobrodružné romány
|2 SNKPH
|9 70486
|
| 655 |
|
7 |
|a biografické romány
|2 SNKPH
|9 1532
|
| 700 |
1 |
|
|a Lehen, Ľudo,
|d 1925-2014
|4 ill
|9 194663
|
| 852 |
|
|
|a Štátna vedecká knižnica v Banskej Bystrici
|
| 958 |
|
|
|a TL
|
| 958 |
|
|
|a LX
|
| 958 |
|
|
|a BX
|
| 958 |
|
|
|a DB
|
| 958 |
|
|
|a RK
|
| 999 |
|
|
|c 903821
|d 905751
|
| 952 |
|
|
|a SNKLM
|b SNKLM
|y NEVYP
|7 0
|o snklmMK 3579
|8 3
|0 0
|1 0
|4 0
|d 2006-04-25
|l 0
|r 2026-02-24 07:21:12
|w 2026-02-24
|